Preservation and the management of library collections
Αποθηκεύτηκε σε:
| Κύριος συγγραφέας: | |
|---|---|
| Μορφή: | Βιβλίο |
| Γλώσσα: | English |
| Δημοσίευση: |
London :
Library Association Publishing,
c1996
|
| Έκδοση: | 2nd ed. |
| Θέματα: | |
| Ετικέτες: |
Προσθήκη ετικέτας
Δεν υπάρχουν, Καταχωρήστε ετικέτα πρώτοι!
|
MARC
| LEADER | 00000nam a2200000 i 4500 | ||
|---|---|---|---|
| 001 | 1/85316 | ||
| 008 | 990701s1996 eng d | ||
| 020 | |a 1-85604-190-5 | ||
| 035 | |l 10051810 | ||
| 040 | |a GR-MY-UA |b gre |e aacr | ||
| 041 | 0 | |a eng | |
| 082 | 0 | |a 025.84 | |
| 100 | 1 | |a Feather, John. | |
| 245 | 1 | 0 | |a Preservation and the management of library collections / |c John Feather |
| 250 | |a 2nd ed. | ||
| 260 | |a London : |b Library Association Publishing, |c c1996 | ||
| 300 | |a x, 180 σ.; |c 23 εκ. | ||
| 504 | |a Περιέχει βιβλιογραφικές παραπομπές (σ. 159-176) και ευρετήριο | ||
| 650 | 0 | 0 | |a Library materials |x Conservation and restoration. |
| 650 | 0 | 0 | |a Library materials |x Conservation and restoration |z Great Britain. |
| 650 | 0 | 0 | |a Collection management (Libraries) |
| 650 | 0 | 0 | |a Collection management (Libraries) |z Great Britain. |
| 852 | |a INST |b LESVOS |e 19990701 |h 025.84 FEA |p 005100020036 |q 005100020036 |t BK |y 0 | ||
| 901 | |a BIBL1-1999-2 | ||
| 909 | |a Λ |b 062452 | ||
| 922 | |a 1ΕΛΗ |b 199812 |c ΚΠΣ/ΚΥΒ |d LEADER | ||
| 950 | |a 023-1998-09-14 | ||
| 970 | |a ΜΟΥΣΤΑΚΑ |b ΠΗΝΕΛΟΠΗ |z 1999/07/01 | ||